| 000 | 01488cam a22003494a 4500 | ||
|---|---|---|---|
| 999 |
_c128777 _d128777 |
||
| 001 | 12153890 | ||
| 003 | ARRUPE | ||
| 005 | 20190114111031.0 | ||
| 008 | 000824s2001 cau b 001 0 eng | ||
| 010 | _a 00011082 | ||
| 020 | _a0787947997 (perm paper) | ||
| 040 |
_aDLC _cDLC _dDLC |
||
| 042 | _apcc | ||
| 050 | 0 | 0 |
_aBF637.N4 _bK73 2000 |
| 082 | 0 | 0 |
_a303.6/9 _221 |
| 100 | 1 |
_aKraybill, Ronald S. _944018 |
|
| 245 | 1 | 0 |
_aPeace skills : _ba manual for community mediators / _cRonald S. Kraybill with Alice Frazer Evans and Robert A. Evans. |
| 250 | _a1st ed. | ||
| 260 |
_aSan Francisco : _bJossey-Bass, _cc2001. |
||
| 300 |
_axviii, 137 p. ; _c28 cm. |
||
| 504 | _aIncludes bibliographical references (p. 123) and index. | ||
| 650 | 0 |
_aNegotiation. _912089 |
|
| 650 | 0 |
_aMediation. _92508 |
|
| 650 | 0 |
_aConflict management. _92507 |
|
| 700 | 1 |
_aEvans, Alice F., _d1939- _944019 |
|
| 700 | 1 |
_aEvans, Robert A., _d1937- _944020 |
|
| 856 | 4 | 2 |
_3Contributor biographical information _uhttp://www.loc.gov/catdir/bios/wiley046/00011082.html |
| 856 | 4 | 2 |
_3Publisher description _uhttp://www.loc.gov/catdir/description/wiley0310/00011082.html |
| 856 | 4 |
_3Table of Contents _uhttp://www.loc.gov/catdir/toc/onix07/00011082.html |
|
| 906 |
_a7 _bcbc _corignew _d1 _eecip _f20 _gy-gencatlg |
||
| 942 |
_2lcc _cMONOGRAPH |
||